Trần Văn Giàu dấu ấn trăm năm

Gồm các bài viết của nhiều tác giả nhằm khắc họa chân dung Giáo sư Trần Văn Giàu ở cả ba khía cạnh: nhà cách mạng - nhà giáo - nhà khoa học.

Bewaard in:
Bibliografische gegevens
Hoofdauteur: Phan, Văn Hoàng
Andere auteurs: Quách, Thu Nguyệt
Formaat: Boek
Taal:Undetermined
Gepubliceerd in: H. Trẻ 2013
Onderwerpen:
Online toegang:http://lrc.tdmu.edu.vn/opac/search/detail.asp?aID=2&ID=20738
Tags: Voeg label toe
Geen labels, Wees de eerste die dit record labelt!
Thư viện lưu trữ: Trung tâm Học liệu Trường Đại học Thủ Dầu Một
LEADER 00992nam a2200217Ia 4500
001 TDMU_20738
008 210410s9999 xx 000 0 und d
082 |a 959.704092 
090 |b PH105 
100 |a Phan, Văn Hoàng 
245 0 |a Trần Văn Giàu dấu ấn trăm năm 
245 0 |c Nhiều tác giả; Phan Văn Hoàng (chủ biên) 
260 |a H. 
260 |b Trẻ 
260 |c 2013 
300 |a 437tr. 
520 |a Gồm các bài viết của nhiều tác giả nhằm khắc họa chân dung Giáo sư Trần Văn Giàu ở cả ba khía cạnh: nhà cách mạng - nhà giáo - nhà khoa học. 
650 |a Nhà cách mạng  |z Việt Nam; Nhà sử học  |z Việt Nam; Nhà giáo  |z Việt Nam; Trần Văn Giàu  |d 1911-2010 
700 |a Quách, Thu Nguyệt 
856 |u http://lrc.tdmu.edu.vn/opac/search/detail.asp?aID=2&ID=20738 
980 |a Trung tâm Học liệu Trường Đại học Thủ Dầu Một